000 00587npc a2200205Ia 4500
001 dd1-1834 [d000001927]
003 IT-MiCISF
008 161014s9999||||xx | und||
040 _aIT-MiCISF
_cIT-MiCISF
041 _ait
100 _aAA.VV.
245 0 _aVita e problemi di un consultorio - indicazioni bibliografiche
250 _a1a ed.
260 _a Milano
_bCISF
_c1976
300 _app. 15
500 _aCentro Internazionale Studi Famiglia (a cura di) / consultori, consulenza /
650 _aconsulenza-familiare
942 _cDD
957 _71
999 _a1834
_bsi
_g1
_c208328
_d208328